<?xml version="1.0" encoding="UTF-8"?><?xml-stylesheet type="text/xsl" href="static/style.xsl"?><OAI-PMH xmlns="http://www.openarchives.org/OAI/2.0/" xmlns:xsi="http://www.w3.org/2001/XMLSchema-instance" xsi:schemaLocation="http://www.openarchives.org/OAI/2.0/ http://www.openarchives.org/OAI/2.0/OAI-PMH.xsd"><responseDate>2026-04-14T04:35:16Z</responseDate><request verb="GetRecord" identifier="oai:www.recercat.cat:2072/423597" metadataPrefix="marc">https://recercat.cat/oai/request</request><GetRecord><record><header><identifier>oai:recercat.cat:2072/423597</identifier><datestamp>2025-02-28T20:10:33Z</datestamp><setSpec>com_2072_98</setSpec><setSpec>col_2072_378197</setSpec></header><metadata><record xmlns="http://www.loc.gov/MARC21/slim" xmlns:dcterms="http://purl.org/dc/terms/" xmlns:xsi="http://www.w3.org/2001/XMLSchema-instance" xmlns:doc="http://www.lyncode.com/xoai" xsi:schemaLocation="http://www.loc.gov/MARC21/slim http://www.loc.gov/standards/marcxml/schema/MARC21slim.xsd">
   <leader>00925njm 22002777a 4500</leader>
   <datafield ind2=" " ind1=" " tag="042">
      <subfield code="a">dc</subfield>
   </datafield>
   <datafield ind2=" " ind1=" " tag="720">
      <subfield code="a">Trillas, Francesc</subfield>
      <subfield code="e">author</subfield>
   </datafield>
   <datafield ind2=" " ind1=" " tag="720">
      <subfield code="a">Montolio Estivill, Daniel</subfield>
      <subfield code="e">author</subfield>
   </datafield>
   <datafield ind2=" " ind1=" " tag="720">
      <subfield code="a">Duch Brown, Néstor</subfield>
      <subfield code="e">author</subfield>
   </datafield>
   <datafield ind2=" " ind1=" " tag="720">
      <subfield code="a">Xarxa de Referència en Economia Aplicada (XREAP)</subfield>
      <subfield code="e">author</subfield>
   </datafield>
   <datafield ind2=" " ind1=" " tag="260">
      <subfield code="c">2006</subfield>
   </datafield>
   <datafield ind2=" " ind1=" " tag="520">
      <subfield code="a">Measuring productive efficiency provides information on the likely effects of regulatory reform. We present a Data Envelopment Analysis (DEA) of a sample of 38 vehicle inspection units under a concession regime, between the years 2000 and 2004. The differences in efficiency scores show the potential technical efficiency benefit of introducing some form of incentive regulation or of progressing towards liberalization. We also compute scale efficiency scores, showing that only units in territories with very low population density operate at a sub-optimal scale. Among those that operate at an optimal scale, there are significant differences in size; the largest ones operate in territories with the highest population density. This suggests that the introduction of new units in the most densely populated territories (a likely effect of some form of liberalization) would not be detrimental in terms of scale efficiency. We also find that inspection units belonging to a large, diversified firm show higher technical efficiency, reflecting economies of scale or scope at the firm level. Finally, we show that between 2002 and 2004, a period of high regulatory uncertainty in the sample's region, technical change was almost zero. Regulatory reform should take due account of scale and diversification effects, while at the same time avoiding regulatory uncertainty.</subfield>
   </datafield>
   <datafield tag="653" ind2=" " ind1=" ">
      <subfield code="a">Productive efficiency</subfield>
   </datafield>
   <datafield tag="653" ind2=" " ind1=" ">
      <subfield code="a">Regulatory reform</subfield>
   </datafield>
   <datafield tag="653" ind2=" " ind1=" ">
      <subfield code="a">Vehicle inspections</subfield>
   </datafield>
   <datafield tag="653" ind2=" " ind1=" ">
      <subfield code="a">Eficiència productiva</subfield>
   </datafield>
   <datafield tag="653" ind2=" " ind1=" ">
      <subfield code="a">Regulació</subfield>
   </datafield>
   <datafield ind2="0" ind1="0" tag="245">
      <subfield code="a">Productive efficiency and regulatory reform : the case of vehicle inspection services</subfield>
   </datafield>
</record></metadata></record></GetRecord></OAI-PMH>